| 000 | 00401 a2200169 4500 | ||
|---|---|---|---|
| 001 | 68182 | ||
| 020 | _a978859600819 | ||
| 040 | _cAnchieta - Pituba | ||
| 100 | _aBoizard, Sophie | ||
| 240 | 1 | 0 |
_aGrandes sábios falam a pequenos sábios _lpor |
| 245 | 1 | 0 | _aGrandes sábios falam a pequenos sábios |
| 300 | _a70 | ||
| 362 | 0 | _a2015 | |
| 440 | 1 | _aFTD | |
| 650 | 4 | _aLiteratura juvenil | |
| 942 | _cBK | ||
| 999 |
_c68182 _d68182 |
||